书目信息 |
| 题名: |
PPP模式基础设施投资建设管理实践
|
|
| 作者: | 王瑾 主编 | |
| 分册: | ||
| 出版信息: | 北京 中国建筑工业出版社 2018 |
|
| 页数: | 15, 375页 | |
| 开本: | 27cm | |
| 丛书名: | ||
| 单 册: | ||
| 中图分类: | F832.48 , F299.24 | |
| 科图分类: | ||
| 主题词: | 政府投资--zheng fu tou zi--合作--社会资本--应用--基础设施建设--研究--中国 | |
| 电子资源: | ||
| ISBN: | 978-7-112-22036-6 | |
| 000 | 00900nam0 2200241 450 | |
| 001 | 2347241689 | |
| 005 | 20231217142300.06 | |
| 010 | @a978-7-112-22036-6@b精装@dCNY98.00 | |
| 100 | @a20180726d2018 em y0chiy50 ea | |
| 101 | 0 | @achi |
| 102 | @aCN@b110000 | |
| 105 | @aak a 000yy | |
| 200 | 1 | @aPPP模式基础设施投资建设管理实践@APPPmo shi ji chu she shi tou zi jian she guan li shi jian@f王瑾主编 |
| 210 | @a北京@c中国建筑工业出版社@d2018 | |
| 215 | @a15, 375页@c图@d27cm | |
| 320 | @a有书目 (第374-375页) | |
| 330 | @a本书共分为八篇 (十七章), 主要内容包括投资管理篇、财务管理篇、合约法务篇、规划设计篇、工程建设篇、运营管理篇、综合管理篇、企业党建篇。 | |
| 606 | 0 | @a政府投资@Azheng fu tou zi@x合作@x社会资本@x应用@x基础设施建设@x研究@y中国 |
| 690 | @aF832.48@v5 | |
| 690 | @aF299.24@v5 | |
| 701 | 0 | @a王瑾@Awang jin@4主编 |
| 801 | 0 | @aCN@b湖北三新@c20180726 |
| 905 | @aZUCC@dF832.48@e11 | |
| PPP模式基础设施投资建设管理实践/王瑾主编.-北京:中国建筑工业出版社,2018 |
| 15, 375页:图;27cm |
| ISBN 978-7-112-22036-6(精装):CNY98.00 |
| 本书共分为八篇 (十七章), 主要内容包括投资管理篇、财务管理篇、合约法务篇、规划设计篇、工程建设篇、运营管理篇、综合管理篇、企业党建篇。 |
| ● |
| 相关链接 |
|
|
|
正题名:PPP模式基础设施投资建设管理实践
索取号:F832.48/11
 
预约/预借
| 序号 | 登录号 | 条形码 | 馆藏地/架位号 | 状态 | 备注 |
| 1 | 2001282779 | 2001282779 | 三新/湖北三新(第三批)/779/ [索取号:F832.48/11] | 在馆 | |
| 2 | 2001282780 | 2001282780 | 三新/湖北三新(第三批)/779/ [索取号:F832.48/11] | 在馆 | |
| 3 | 2001282781 | 2001282781 | 三新/湖北三新(第三批)/779/ [索取号:F832.48/11] | 在馆 | |
| 4 | 2001282782 | 2001282782 | 三新/湖北三新(第三批)/779/ [索取号:F832.48/11] | 在馆 | |
| 5 | 2001282783 | 2001282783 | 三新/湖北三新(第三批)/779/ [索取号:F832.48/11] | 在馆 | |
| 6 | 2001282784 | 2001282784 | 三新/湖北三新(第三批)/779/ [索取号:F832.48/11] | 在馆 | |
| 7 | 2001282785 | 2001282785 | 三新/湖北三新(第三批)/779/ [索取号:F832.48/11] | 在馆 | |
| 8 | 2001282786 | 2001282786 | 三新/湖北三新(第三批)/779/ [索取号:F832.48/11] | 在馆 | |
| 9 | 2001480656 | 2001480656 | 第四书库/四20架B面2层5列/ [索取号:F832.48/11] | 在馆 | |
| 10 | 2001480657 | 2001480657 | 第四书库/四20架B面2层5列/ [索取号:F832.48/11] | 在馆 | |
| 11 | 2001480658 | 2001480658 | 第四书库/四20架B面2层5列/ [索取号:F832.48/11] | 在馆 | |
| 12 | 2001480659 | 2001480659 | 218书库/ [索取号:F832.48/11] | 在馆 | |
| 13 | 2001480660 | 2001480660 | 218书库/ [索取号:F832.48/11] | 在馆 | |
| 14 | 2001480661 | 2001480661 | 培训中心一楼图书角/四21架A面1层3列/ [索取号:F832.48/11] | 在馆 | |
| 15 | 2001480662 | 2001480662 | 培训中心一楼图书角/四21架A面1层3列/ [索取号:F832.48/11] | 在馆 | |
| 16 | 2001480663 | 2001480663 | 培训中心一楼图书角/四21架A面1层3列/ [索取号:F832.48/11] | 在馆 | |
| 17 | 2001480664 | 2001480664 | 第四书库/四21架A面1层3列/ [索取号:F832.48/11] | 在馆 | |
| 18 | 2001480665 | 2001480665 | 第四书库/四21架A面1层3列/ [索取号:F832.48/11] | 在馆 | |
| 19 | 2001480666 | 2001480666 | 315书库/ [索取号:F832.48/11] | 在馆 | |
| 20 | 2001480667 | 2001480667 | 第四书库/四20架B面2层5列/ [索取号:F832.48/11] | 在馆 | |
| 21 | 2001480668 | 2001480668 | 315书库/ [索取号:F832.48/11] | 在馆 | |
| 22 | 2001480669 | 2001480669 | 315书库/ [索取号:F832.48/11] | 在馆 | |
| 23 | 2001480670 | 2001480670 | 315书库/ [索取号:F832.48/11] | 在馆 | |
| 24 | 2001480671 | 2001480671 | 315书库/ [索取号:F832.48/11] | 在馆 | |
| 25 | 2001480672 | 2001480672 | 315书库/ [索取号:F832.48/11] | 在馆 | |
| 26 | 2001480673 | 2001480673 | 第四书库/四20架B面2层5列/ [索取号:F832.48/11] | 在馆 | |
| 27 | 2001480674 | 2001480674 | 218书库/ [索取号:F832.48/11] | 在馆 | |
| 28 | 2001480675 | 2001480675 | 218书库/ [索取号:F832.48/11] | 在馆 | |
| 29 | 2001480676 | 2001480676 | 218书库/ [索取号:F832.48/11] | 在馆 | |
| 30 | 2001480677 | 2001480677 | 218书库/ [索取号:F832.48/11] | 在馆 |